| 000 | 00663cam a22002055a 4500 | ||
|---|---|---|---|
| 001 | L140677 | ||
| 008 | 071004n xxk eng u | ||
| 035 | _a(Sirsi) u140677 | ||
| 041 | 0 | _aeng | |
| 110 | 2 |
_aRoyal Institution of Chartered Surveyors _bJunior Organisation _91458 |
|
| 245 | 0 | 0 |
_aJunior Organisation _bresidential course on partnerships _h[manuscript] |
| 260 | _cn.d. | ||
| 300 |
_a1 folder _c35 x 22 cm. |
||
| 340 | _aPhotocopy | ||
| 351 | _cSingle item | ||
| 500 | _aFolder containing photocopied typescript notes for a course on partnerships run by the Junior Organisation. | ||
| 651 | 4 |
_aUnited Kingdom _y |
|
| 690 | _aABOUT RICS | ||
| 942 | _n0 | ||
| 999 |
_c116418 _d116418 |
||